| 000 | 00570nam a2200157 4500 | ||
|---|---|---|---|
| 008 | 070802s1938 enk 000 0 eng | ||
| 090 |
_aBX9178.A1 _bP94t |
||
| 245 | 1 | 4 |
_aThe professor as preacher : _csermons by Scottish theological professors, |
| 260 |
_a[London] : _bJ. Clarke & Co., _c[1938] |
||
| 300 |
_aix p., 1 l. _b13-223 p. ; _c21 cm. |
||
| 610 | 2 | 4 |
_aChurch of Scotland _xSermons. |
| 650 | 4 |
_aSermons, English _zScotland |
|
| 700 | 1 |
_aThomson, David Patrick, _eed. |
|
| 951 |
_p31047 _x00035450 _oBX9178.A1/P94t _j070731174644734 _d2000-12-21 _cGC |
||
| 999 |
_c29752 _d29752 |
||